|
|
|
|
| LEADER |
00000nab a2200000 a 4500 |
| 001 |
vtls010707760 |
| 003 |
SK-MaSNL |
| 005 |
20260304190149.0 |
| 008 |
250709s xo |||||||||||||||||slo| |
| 035 |
|
|
|a (urnnbn)urn:nbn:sk:snk:ar-a042r0
|
| 035 |
|
|
|a (uuid)4c4ca434-4607-4cba-b56c-da51ad502db9
|
| 035 |
|
|
|a urn:nbn:sk:snk-ab3brs
|
| 040 |
|
|
|a SNKBUCL
|b slo
|c SNKBUCL
|e AACR2
|
| 041 |
0 |
|
|a slo
|
| 044 |
|
|
|a xo
|c SK
|
| 100 |
1 |
|
|a Rakušan, Karel
|4 aut
|9 307686
|
| 245 |
1 |
0 |
|a O nových metodách zkúšania
|c Karol Rakušan
|
| 773 |
0 |
|
|t Národná škola slovenská : orgán Slovenskej obce učiteľskej
|g Roč. 9, č. 19-20 (1930-1931), s. [343]-344
|
| 850 |
|
|
|a Slovenská národná knižnica
|
| 852 |
|
|
|a Slovenská národná knižnica
|
| 954 |
|
|
|a odborná, vedecká literatúra pôvodná (slovenská)
|2 lita
|
| 958 |
|
|
|a article1
|
| 958 |
|
|
|a OND
|
| 958 |
|
|
|a EUIPO
|
| 999 |
|
|
|c 3048849
|d 3050779
|